000 00749nam a2200217Ia 4500
003 GCL
008 140319s9999 xx 000 0 ara d
040 _aGCL /
_cGCL
082 0 4 _a270
_bج م
100 1 _aجورج شحاتة قنواتى
245 1 0 _aالمسيحية والحضارة العربية /
_cجورج شحاتة قنواتى
250 _aالثانية
260 _aالقاهرة :
_bدار الثقافة العربية ،
_c1992
300 _a407 ص ؛
_c24 سم
650 0 4 _aالمسيحيون
650 0 4 _aالمسيحية والاسلام
650 0 4 _aالمسيحيون فى مصر
650 0 4 _aالمسيحيون - الشرق الاوسط
650 0 4 _aالمسيحيون فى العراق
942 _2ddc
_cBK
999 _c46530
_d46530